000 00225nam a2200085Ia 4500
245 0 _aManaging water
100 _a SPILSBURY, Richard Chicago, Ill., [c.2009]
942 _cBK
008 210817s9999 xx 000 0 und d
999 _c369191
_d369190